El encalado de los suelos : (Registro nro. 36633)
[ vista simple ]
| 000 -CABECERA | |
|---|---|
| campo de control de longitud fija | 00460nam a2200133 a 4500 |
| 001 - NÚMERO DE CONTROL | |
| campo de control | 000037143 |
| 005 - FECHA Y HORA DE LA ÚLTIMA TRANSACCIÓN | |
| campo de control | 20200930080152.0 |
| 008 - DATOS DE LONGITUD FIJA--INFORMACIÓN GENERAL | |
| campo de control de longitud fija | 120217s1966 mx ac 000 0 spa d |
| 040 ## - FUENTE DE LA CATALOGACIÓN | |
| Centro catalogador/agencia de origen | DO-SdBNP |
| Lengua de catalogación | spa |
| Centro/agencia transcriptor | BNPHU |
| 082 ## - NÚMERO DE LA CLASIFICACIÓN DECIMAL DEWEY | |
| Número de clasificación | xxxx |
| Número de documento/Ítem | E56 |
| 245 03 - MENCIÓN DE TÍTULO | |
| Título | El encalado de los suelos : |
| Resto del título | auxiliar para el mejor cultivo. |
| 260 ## - PUBLICACIÓN, DISTRIBUCIÓN, ETC. | |
| Lugar de publicación, distribución, etc. | México : |
| Nombre del editor, distribuidor, etc. | Centro Regional de Ayuda Técnica : |
| -- | Agencia Para el Desarrollo Internacional (A.I.D), |
| Fecha de publicación, distribución, etc. | 1966. |
| 300 ## - DESCRIPCIÓN FÍSICA | |
| Extensión | 33 p. : |
| Otras características físicas | ils. ; |
| Dimensiones | 24 cm. |
| Estado de retiro | Estado de pérdida | Restricciones de uso | No para préstamo | Código de colección | Localización permanente | Ubicación/localización actual | Ubicación en estantería | Fecha de adquisición | Número de inventario | Total de préstamos | Signatura topográfica completa | Código de barras | Fecha visto por última vez | Precio válido a partir de | Tipo de ítem Koha |
|---|---|---|---|---|---|---|---|---|---|---|---|---|---|---|---|
| Excluido de préstamo | Monografías: Libros y Folletos | General | General | En catalogación | 17.02.2012 | LF1 | xxxx E56 | 37143-10 | 25.06.2020 | 25.06.2020 | No se presta |
